| 000 | 00427nam a2200157 i 4500 | ||
|---|---|---|---|
| 001 | 100368 | ||
| 003 | ES-MaACL | ||
| 005 | 20230906182648.0 | ||
| 007 | t| | ||
| 008 | 050926s1964 it ||||1| spa d | ||
| 100 | 1 |
_aMartire, Bernardo de. _978517 |
|
| 245 | 1 | 0 |
_aApología crítica / _cBernardo de Martire. |
| 260 |
_aRoma : _bEdizioni Europee, _c1964. |
||
| 300 |
_a74 p. ; _c22 cm. |
||
| 852 |
_aES-MaACL _jC-26001 _bR.54879 |
||
| 999 |
_c100368 _d100368 |
||